|
|
|
|
| LEADER |
00000nab a2200000 a 4500 |
| 001 |
vtls008942814 |
| 003 |
SK-MaSNL |
| 005 |
20260304134433.0 |
| 008 |
250505c2006 xo |||||||||||000 b|slo |
| 015 |
|
|
|a SNBRB2007/02
|2 snkbucl
|
| 035 |
|
|
|a (uuid)7be2faef-0827-45ab-9d38-a447520becaa
|
| 035 |
|
|
|a urn:nbn:sk:snk-abzbb
|
| 035 |
|
|
|a (urnnbn)urn:nbn:sk:snk:ar-a04wj5
|
| 038 |
|
|
|a SNKBUCL
|
| 040 |
|
|
|a SNKBUCL
|b slo
|c SNKBUCL
|e AACR2
|
| 041 |
0 |
|
|a slo
|
| 044 |
|
|
|a xo
|c SK
|
| 080 |
|
|
|a 524.3-852
|2 1997
|
| 100 |
1 |
|
|a Zverko, Juraj,
|d 1943-
|4 aut
|9 38142
|
| 245 |
1 |
0 |
|a Fyzika v atmosférach horúcich hviezd
|b výsledky výskumu stelárneho oddelenia Astronomického ústavu SAV
|c Juraj Zverko
|
| 300 |
|
|
|b Grafy
|
| 650 |
0 |
7 |
|a horúce hviezdy
|2 snkbucl
|9 1452332
|
| 650 |
0 |
7 |
|a atmosféra hviezd
|2 snkbucl
|9 1452333
|
| 650 |
0 |
7 |
|a dvojhviezdy
|2 snkbucl
|9 2391
|
| 650 |
0 |
7 |
|a kozmický výskum
|2 snkbucl
|9 28861
|
| 773 |
0 |
|
|t Kozmos
|g Roč. XXXVII, č. 5 (2006), s. 23-24
|x 0323-049X
|
| 850 |
|
|
|a Slovenská národná knižnica
|
| 852 |
|
|
|a Slovenská národná knižnica
|
| 954 |
|
|
|a odborná, vedecká literatúra pôvodná (slovenská)
|2 lita
|
| 958 |
|
|
|a article27
|
| 958 |
|
|
|a OND
|
| 958 |
|
|
|a EUIPO
|
| 999 |
|
|
|c 2906832
|d 2908762
|